World development report 2010 : development and climate change.
| Corporate Author: | |
|---|---|
| Format: | Book |
| Published: |
Washingto, D.C:
The World Bank,
2010.
|
| Subjects: |
| LEADER | 00456cam a2200145 7i4500 | ||
|---|---|---|---|
| 001 | 0000025140 | ||
| 005 | 20101125090000.0 | ||
| 020 | 0 | 0 | |a 978-0-8213-7988-2 |
| 090 | 0 | 0 | |a I 330.91724 |b WOR |
| 110 | 2 | 0 | |a The World Bank |
| 245 | 2 | 0 | |a World development report 2010 : |b development and climate change. |
| 260 | 0 | 0 | |a Washingto, D.C: |b The World Bank, |c 2010. |
| 300 | # | # | |a 417 p. |
| 650 | 0 | 0 | |a Economic development |
| 999 | |a 0000027123 |b Book |c International |e Business Information Centre | ||


